Actas / (Record no. 13167)

MARC details
000 -LEADER
campo de control de longitud fija 01223nam a22002415i 4500
001 - NÚMERO DE CONTROL
campo de control 13167
003 - IDENTIFICADOR DE NÚMERO DE CONTROL
campo de control ES-MaACL
005 - FECHA Y HORA DE LA ÚLTIMA TRANSACCIÓN
campo de control 20250902091000.0
007 - CAMPO FIJO DE DESCRIPCIÓN FÍSICA--INFORMACIÓN GENERAL
campo de control de longitud fija t|
008 - DATOS DE LONGITUD FIJA--INFORMACIÓN GENERAL
campo de control de longitud fija 960112s1995 sp ||||0| spa j
020 ## - NÚMERO INTERNACIONAL ESTÁNDAR DEL LIBRO
Número Internacional Estándar del Libro 84-89318-75-1
040 ## - FUENTE DE CATALOGACIÓN
Centro catalogador/agencia de origen M-BN
Lengua de catalogación spa
Centro/agencia transcriptor M-BN
080 ## - NÚMERO DE LA CLASIFICACIÓN DECIMAL UNIVERSAL
Número de la Clasificación Decimal Universal 061.235(460.15 S.S.)(091)(063)
110 2# - ENTRADA PRINCIPAL--NOMBRE DE ENTIDAD CORPORATIVA
Nombre de entidad corporativa o nombre de jurisdicción como elemento de entrada Real Sociedad Bascongada de los Amigos del País.
Unidad subordinada Delegación en Corte.
-- Semana
Número del congreso/reunión o número de parte o sección (2ª.
Fecha del congreso o de la firma del tratado 1993.
Sede del congreso/Lugar de la reunión Madrid)
9 (RLIN) 6374
245 10 - MENCIÓN DEL TÍTULO
Título Actas /
Mención de responsabilidad, etc. II Semana de la Delegación en Corte de la Real Sociedad Bascongada de los Amigos del País, Madrid, 29 de noviembre-3 de diciembre de 1993 ; dirección-coordinación, Guadalupe Rubio de Urquía ; con la colaboración de la Real Sociedad Económica Matritense de los Amigos del País y el patrocinio del Banco Bilbao Vizcaya.
260 ## - PUBLICACIÓN, DISTRIBUCIÓN, ETC.
Lugar de publicación, distribución, etc. [Madrid] :
Nombre del editor, distribuidor, etc. Delegación en Corte, R.S.B.A.P,
Fecha de publicación, distribución, etc. D.L. 1995.
300 ## - DESCRIPCIÓN FÍSICA
Extensión 151 p. :
Otras características físicas il. ;
Dimensiones 21 cm.
610 24 - PUNTO DE ACCESO ADICIONAL DE MATERIA--NOMBRE DE ENTIDAD CORPORATIVA
Nombre de entidad corporativa o nombre de jurisdicción como elemento de entrada Real Sociedad Bascongada de los Amigos del País-
Subdivisión de forma Historia-
-- Congresos y asambleas
9 (RLIN) 6368
700 1# - ENTRADA AGREGADA--NOMBRE PERSONAL
Nombre de persona Rubio de Urquía, Guadalupe
9 (RLIN) 100401
710 2# - ENTRADA AGREGADA--NOMBRE DE ENTIDAD CORPORATIVA
Nombre de entidad corporativa o nombre de jurisdicción como elemento de entrada Real Sociedad Económica Matritense de Amigos del País.
9 (RLIN) 6389
852 ## - LOCALIZACIÓN
Ubicación ES-MaACL
Número de control de estantería L-20520
Sublocalización o colección R.124327
Holdings
Estatus retirado Estado de pérdida Estado de daño No para préstamo Biblioteca de origen Biblioteca actual Ubicación en estantería Fecha de adquisición Fuente de adquisición Total de préstamos Signatura topográfica completa Código de barras Visto por última vez Precio de reemplazo Tipo de ítem Koha
        Biblioteca del Ateneo de Madrid Biblioteca del Ateneo de Madrid Depósito 2 17/01/2008     L-20520 1013408 23/02/2023 23/02/2023 Libro impreso